Rhymes with 'Drunk' Quiz Stats

 Plays Quiz Updated Jul 20, 2018

Also try: Rhymes with 'UM'
Challenge
Share
Tweet
Embed
Score 0/21 Timer 02:00
11 Plays Today
% Correct
bunk
95.6%
dunk
95.5%
punk
90.9%
funk
90.6%
hunk
89.7%
sunk
85.3%
gunk
84.8%
junk
82.3%
trunk
77.5%
monk
75.7%
clunk
73.2%
% Correct
stunk
70.6%
crunk
67.4%
chunk
62.1%
skunk
62.1%
flunk
60.8%
plunk
58.5%
slunk
56%
spunk
52.2%
thunk
41.7%
shrunk
30.7%

You're not logged in!

Compare scores with friends on all Sporcle quizzes.
Join for Free
OR
Log In

You Might Also Like...

Show Comments

Extras

Top Quizzes Today


Score Distribution

Your Account Isn't Verified!

In order to create a playlist on Sporcle, you need to verify the email address you used during registration. Go to your Sporcle Settings to finish the process.

Report this User

Report this user for behavior that violates our Community Guidelines.

Details: